Grundlegung zur Metaphysik der Sitten
保存先:
| フォーマット: | 図書 |
|---|---|
| 言語: | ドイツ語 |
| 出版事項: |
Hamburgo
Felix Meiner
1965
|
| 版: | 3a. ed |
| シリーズ: | Der Philosophischen Bibliothek, 41
|
| 主題: | |
| タグ: |
タグ追加
タグなし, このレコードへの初めてのタグを付けませんか!
|
MARC
| LEADER | 00000nam a2200000 a 4500 | ||
|---|---|---|---|
| 001 | UCU1479 | ||
| 003 | CL-VaPUC | ||
| 005 | 20220319074509.0 | ||
| 008 | 960404e19650000GW |||||||||||||||||ger|d | ||
| 999 | |c 246079 |d 246077 | ||
| 040 | |c Pontificia Universidad Católica de Valparaíso | ||
| 082 | 0 | 4 | |a 141 |b KAN |2 21 |
| 245 | 1 | 0 | |a Grundlegung zur Metaphysik der Sitten |
| 250 | |a 3a. ed | ||
| 260 | |a Hamburgo |b Felix Meiner |c 1965 | ||
| 300 | |a 100 p | ||
| 490 | 0 | |a Der Philosophischen Bibliothek, 41 | |
| 583 | |a last modification |c 19960404 00:00:00 |k Rodrigo Vera | ||
| 650 | 0 | |a Filosofía alemana |9 265002 | |
| 650 | 0 | |a Idealismo |9 265685 | |
| 650 | 0 | |a Metafísica |9 265649 | |
| 650 | 0 | |a Ética |9 255099 | |
| 650 | 0 | |a Conceptos morales |9 310606 | |
| 852 | |a BIBCUR | ||
| 942 | |c BK |2 ddc | ||
| 945 | |d 19960404 00:00:00 |a lriquelm | ||
| 952 | |0 0 |1 0 |4 0 |6 141_000000000000000_KAN_1965 |7 0 |8 P |9 260813 |a BIBEDU |b BIBEDU |c BIBEDU_PB |d 2019-11-19 |i 2014262 |o 141 KAN 1965 |p 2014262 |r 2024-01-25 |w 2019-11-19 |y BK |k FIL | ||